00337nam a2200133 a 450008200170000010000170001724500470003426000310008130000090011250000350012150500130015665000170016970000170018600a297.82bJAF1 aJafri, S H M aOrigins and Earl Development of Shia Islam aIran bAnsariyan Pubc1989 a332p aincludes index and biblioraphy2 aGlossary aShiah-Origin1 aJafri, S H M